01754nam a22002537a 450000500170000000800410001702000150005804000070007304100080008008200220008810000210011024500360013126000400016730000260020736500200023352009940025365000330124765000310128065100160131170000230132794200120135099900190136295201190138120211028113843.0211028b ||||| |||| 00| 0 eng d a8170491665 cAL aeng 223a327.120bPATI aD C Pathak92108 aIntelligence: A Security Weapon aNew DelhibManas Publicationsc2003 a197 p.bHBc22x14 cm. b35.00c$d35.00 aThis book by a former Chief of the Intelligence Bureau (IB) is the first on the subject of applied intelligence. Today, business and other organisations have to rely increasingly on intelligence for their success. The Information Age mandates that only those who are well informed will prosper. A leader's standing as well as the competitivenes sof an organisation is defined by their capacity to take information-based decisions. Contents : Preface The Challenge of Change Information and Intelligence Accessing Information Skills for Gathering Intelligence Globalization and Intelligence Studying the Competitor Competitive Environment Competitive Analysis Knowledge Creation An 'Intelligent' Home A Business Leader Communication of Intelligence Enhancing Productivity Reading the Threat Making the Enterprise Secure Business Vigilance Information Security Working Smarter Peak Performers The Age of Intelligence Intelligence Failure Media and Intelligence Role of Business Schools Index aInternational Relation92109 aIntelligence Service92110 aIndia92111 aPATHAK (D C)92112 2ddccGF c216775d216775 00102ddc40708PSaALbALd2021-03-24l1o327.120 PATIpGF00514r2025-02-13 00:00:00s2025-02-10w2021-10-28yGF